Subdivisions de l'Union Européenne par PIB - Statistiques

Statistiques générales
  • Ce quiz a été pris 48 fois
  • Le résultat moyen est 18 sur 30
Statistiques - réponses
Pays PIB* Subdivision % Correct
France 783 Île de France
100%
Allemagne 717 Bavière
93%
France 269 Auvergne-Rhône-Alpes
84%
France 189 Nouvelle-Aquitaine
84%
Allemagne 193 Berlin
82%
Belgique 330 Flandre
82%
Espagne 255 Catalogne
80%
France 167 Grand Est
78%
France 185 Hauts-de-France
71%
Espagne 261 Madrid
71%
France 181 Occitanie
71%
Italie 440 Lombardie
67%
France 207 PACA
67%
Allemagne 147 Saxe
67%
Italie 136 Piémont
64%
Irlande 157 Comté de Dublin
60%
Allemagne 573 Bade-Wurtemberg
58%
Italie 213 Latium
58%
Espagne 180 Andalousie
53%
Allemagne 144 Hambourg
53%
Italie 164 Vénétie
51%
Allemagne 339 Basse-Saxe
49%
Allemagne 794 Rhénanie-du-nord-Westphalie
49%
Italie 163 Émilie-Romagne
42%
Allemagne 323 Hesse
38%
Allemagne 172 Rhénanie-Palatinat
36%
Pays-Bas 200 Hollande-méridionale
27%
Pays-Bas 204 Hollande-septentrionale
27%
Pologne 150 Voïvodie de Mazovie
18%
Danemark 170 Hovedstaden
4%
Aucun quiz correspondant
Distribution des résultats
% des personnes avec chaque résultat
Percentile par nombre de réponses
Votre historique - résultats
Vous n’avez pas pris ce quiz